000 00666cam a22002293a 4500
001 39098
003 PGUSA
005 20140828083851.0
008 120310s2012||||xxu|||||s|||||000 | eng d
040 _aPGUSA
_beng
042 _adc
050 4 _aBX
245 1 4 _aThe Irish Ecclesiastical Record, Volume 1, July 1865
_h[electronic resource]
260 _bProject Gutenberg,
_c2012
506 _aPublic domain in the USA.
516 _aElectronic text
653 _aCatholic Church -- Ireland -- Periodicals
653 _aCatholic Church -- Periodicals
830 0 _aProject Gutenberg
_v39098
856 4 0 _uhttp://www.gutenberg.org/ebooks/39098
942 _cEB
999 _c268351
_d268351